Vocabulary : Applied linguistic perspectives

में बचाया:
ग्रंथसूची विवरण
मुख्य लेखक: RONALD CARTER
स्वरूप: पुस्तक
भाषा:Undetermined
प्रकाशित: Routledge 1998
टैग : टैग जोड़ें
कोई टैग नहीं, इस रिकॉर्ड को टैग करने वाले पहले व्यक्ति बनें!
Thư viện lưu trữ: Trung tâm Học liệu Trường Đại học Cần Thơ
LEADER 00411nam a2200157Ia 4500
001 CTU_49496
008 210402s9999 xx 000 0 und d
082 |a 418.1 
082 |b C325 
100 |a RONALD CARTER 
245 0 |a Vocabulary : 
245 0 |b Applied linguistic perspectives 
245 0 |c RONALD CARTER 
260 |b Routledge 
260 |c 1998 
980 |a Trung tâm Học liệu Trường Đại học Cần Thơ